000 00765cam a22002531 4500
999 _c5064
_d5064
001 7007755
003 GBCCL
005 20241126110532.0
008 750929s1958 xx 000 0 eng
010 _a 58013514
035 _a(OCoLC)1662288
040 _aDLC
_cMCW
_dDLC
042 _apremarc
050 0 0 _aBT202
_b.M58 1958
082 _a232.9
_bMOR
100 1 _aMorris, Leon,
_d1914-2006.
_94795
245 1 4 _aThe Lord from heaven;
_ba study of the New Testament teaching on the deity and humanity of Jesus Christ.
260 _aGrand Rapids,
_bIVP
_c1995, [1958]
300 _a112 p.
_c19 cm.
490 0 _aA Pathway book
600 0 0 _aJesus Christ
_xPerson and offices.
_9268
906 _a7
_bcbc
_coclcrpl
_du
_encip
_f19
_gy-gencatlg
942 _2ddc
_cBK
_03